000 00269nam a2200097Ia 4500
001 644221
005 20250826153600.0
008 250824s9999 xx 000 0 und d
245 0 _aTİRYAKİ SÖZLERİ GENÇLİK KLASİKLERİ
_cCENAB ŞAHABETTİN
260 _bTİMAŞ ÇOCUK
999 _c644221
_d644221